00852nam a2200205Ia 4500003000900000008004100009020001800050040001600068080001500084111009300099245024800192260003700440300001600477490005400493650001700547650001800564700002200582700002300604700001900627IN-BaIIA211028s9999 xx 000 0 eng d a0-415-30936-0 cIIA Library a523.4bEAR aSymposium Study of the Earth's Deep Interior exetern7thcEnglandd2000 July 30 - Aug. 4 0aEarth's core and lower mantlebcontributions from SEDI 2000,The 7th symposium study of the Earth's deep interior exeter, 30th July - 4th Aug 2000cedited by C. A. Jones, Soward, A. M. and K. Zhang  aLondonbTaylor and Francisc2003 aviii, 218p. aThe fluid mechanics of astrophysics and geography aEarth's core aEnergy fluxes aJones, C. A., ed. aSoward, A. M., ed. aZhang, K., ed.